Statistiche per Quiz sull'Albania

Clicka qui per fare il quiz!

Statistiche generali

  • Questo quiz è stato fatto 2.057 volte
  • Il punteggio medio è 13 su 20

Statistiche sulle risposte

DomandaRisposta% Corretto
CapitaleTirana
99%
Stati che confinano con l'AlbaniaGrecia
91%
Stati che confinano con l'AlbaniaKosovo
89%
Stati che confinano con l'AlbaniaMacedonia del Nord
89%
Stati che confinano con l'AlbaniaMontenegro
88%
Religione praticata dalla maggioranza della popolazioneIslam
86%
Stato che invase l'Albania nel 1939Italia
83%
Penisola di cui l'Albania fa parteBalcanica
82%
Animale che figura sullo stemma dell'AlbaniaAquila
81%
Parte del Mediterraneo che bagna l'AlbaniaMar {Adriatico}
79%
Impero di cui ha fatto parte dal 1480 al 1912Impero Ottomano
74%
Parte del Mediterraneo che bagna l'AlbaniaMar {Ionio}
73%
Lingua straniera parlata dal 73% della popolazioneItaliano
72%
Seconda città più popolosaDurazzo
59%
Religiosa che vinse il premio Nobel per la PaceMadre Teresa
51%
Valuta correnteLek
44%
Verdura ripieno del ByrekSpinaci
33%
Dittatore dell'Albania dal 1944 al 1985Enver Hoxha
31%
Il lago più profondo e antico del
Sud Europa, sito UNESCO
Lago di Ocrida
16%
È storicamente ritenuto il padre fondatore dell'Egitto moderno ma ha origini albanesiMehmet Ali
9%

Distribuzione punteggi

Percentile per numero di risposta

Percentuale di utenti per punteggio

I tuoi punteggi nel tempo

Non hai fatto questo quiz